Sosnowiec - quiz wielokrotnego wyboru - Statystyki

Ogólne statystyki
  • Ten quiz został rozwiązany 536 razy
    509 od ostatniego zresetowania
  • Średni wynik to 5 z 10
Statystyki odpowiedzi
Zagadnienie Odpowiedź % Poprawnych
Jak nazywa się znany klub piłkarski z Sosnowca? Zagłębie Sosnowiec
95%
Z którym z tych miast Sosnowiec NIE graniczy? Zabrze
75%
Który muzyk jest bezpośrednio powiązany z Sosnowcem? Jan Kiepura
64%
Jaką wysokość ma „Żyleta” – najwyższy budynek w Sosnowcu? 84 m
58%
Które zdjęcie przedstawia Sosnowiec?
52%
Która rzeka oddziela Sosnowiec od Katowic? Brynica
47%
Czyje nazwisko nosi pałac miejski w Sosnowcu, nazywany często pałacem ojca? Schoena
42%
Jak nazywa się główna ulica handlowa w centrum Sosnowca? Ulica Modrzejowska
38%
Która z poniższych dzielnic jest najstarsza pod względem pierwszej wzmianki historycznej? Milowice
32%
Które z poniższych miast NIE jest miastem partnerskim z Sosnowcem? Ostrawa
27%
Nie znaleziono quizów pasujących do podanych kryteriów
Rozkład punktacji
Procent ludzi z każdym wynikiem
Percentyl według liczby udzielonych odpowiedzi
Twoja historia wyników
Nie rozwiązałeś tego quizu od ostatniego zresetowania